भारतवर्ष का बृहत इतिहास (Record no. 1227694)

MARC details
000 -LEADER
fixed length control field 00707nam a2200205Ia 4500
005 - DATE AND TIME OF LATEST TRANSACTION
control field 20241129110211.0
008 - FIXED-LENGTH DATA ELEMENTS--GENERAL INFORMATION
fixed length control field 241129s9999||||xx |||||||||||||| ||und||
037 ## - SOURCE OF ACQUISITION
Stock number REF
040 ## - CATALOGING SOURCE
Original cataloging agency ARTS
Language of cataloging hin
Transcribing agency ARTS
041 ## - LANGUAGE CODE
Language code of text/sound track or separate title hin
Source of code hin
084 ## - COLON CLASSIFICATION NUMBER
Classification number V2.N 152R3.1-.2(RR)
Assigning agency ARTS
100 ## - MAIN ENTRY--PERSONAL NAME
Personal name दत्त, भगवद्, ले.
245 #0 - TITLE STATEMENT
Title भारतवर्ष का बृहत इतिहास
Statement of responsibility, etc. दत्त, भगवद्, ले.
260 ## - PUBLICATION, DISTRIBUTION, ETC.
Place of publication, distribution, etc. नई दिल्ली, भारत
Name of publisher, distributor, etc. प्रणव प्रकाशन
Date of publication, distribution, etc. 2023
365 ## - TRADE PRICE
Price type code INR
Price amount 1500
490 ## - SERIES STATEMENT
Volume/sequential designation भाग 1
650 ## - SUBJECT ADDED ENTRY--TOPICAL TERM
Topical term or geographic name entry element History-India
942 ## - ADDED ENTRY ELEMENTS (KOHA)
Koha item type Reference
Classification part V2.N 152R3.1-.2(RR)
Holdings
Withdrawn status Lost status Damaged status Not for loan Home library Current library Date acquired Source of acquisition Cost, normal purchase price Inventory number Total Checkouts Full call number Barcode Date last seen Price effective from Koha item type
        Arts Library Arts Library 2024-11-29 Eastern Book Linkers 1500.00 205 & 30/01/2024   V2.N 152R3.1-.2(RR) AL1803728 2024-11-29 2024-11-29 Reference
Copyright @ Delhi University Library System